Logo CIB grande

Case studies in oceanography and marine affairs (Registro nro. 236805)

Detalles MARC
000 -LEADER
campo de control de longitud fija 00600nam a2200193Ia 4500
005 - FECHA Y HORA DE LA ÚLTIMA TRANSACCIÓN
campo de control 20250425162814.0
008 - DATOS DE LONGITUD FIJA--INFORMACIÓN GENERAL
campo de control de longitud fija 250425s9999 xx 000 0 und d
020 ## - NÚMERO INTERNACIONAL ESTÁNDAR DEL LIBRO
Número Internacional Estándar del Libro 008036375X
082 ## - NÚMERO DE LA CLASIFICACIÓN DECIMAL DEWEY
Número de clasificación 551.46
Iniciales del Autor BRO
010 ## - NÚMERO DE CONTROL DE LA BIBLIOTECA DEL CONGRESO
Número de control de LC 109359
100 ## - ENTRADA PRINCIPAL--NOMBRE DE PERSONA
Nombre de persona Brown, Joan
245 #0 - MENCIÓN DEL TÍTULO
Título Case studies in oceanography and marine affairs
Mención de responsabilidad, etc. Joan Brown, Angela Colling, Dave Park y otros
260 ## - PUBLICACIÓN, DISTRIBUCIÓN, ETC.
Lugar de publicación, distribución, etc. Oxford
Nombre del editor, distribuidor, etc. OPEN UNIVERSITY
Fecha de publicación, distribución, etc. 1991
300 ## - DESCRIPCIÓN FÍSICA
Extensión 248 p.
Otras características físicas ilustraciones
Dimensiones 26 cm.
500 ## - NOTA GENERAL
Nota general Incluye índice
650 ## - PUNTO DE ACCESO ADICIONAL DE MATERIA--TÉRMINO DE MATERIA
Término de materia o nombre geográfico como elemento de entrada Oceanografía
Término indicativo de función/relación Recursos Marinos
700 ## - ENTRADA AGREGADA--NOMBRE PERSONAL
Nombre de persona Colling, Angela; Park, Dave; y otros
942 ## - ELEMENTOS DE ENTRADA SECUNDARIOS (KOHA)
Tipo de ítem Koha Libros
Existencias
Estatus retirado Estado de pérdida Estado de daño No para préstamo Biblioteca de origen Biblioteca actual Ubicación en estantería Fecha de adquisición Coste, precio normal de compra Etiqueta RFID Total de préstamos Código de barras Copia número Tipo de ítem Koha Nota pública
        CENTRO DE INFORMACIÓN BIBLIOTECARIA CENTRO DE INFORMACIÓN BIBLIOTECARIA   09/09/2020 134.00 0000000000000000035512   80011 1 Libros Compra / Valladolid
        CENTRO DE INFORMACIÓN BIBLIOTECARIA CENTRO DE INFORMACIÓN BIBLIOTECARIA   09/09/2020 134.00 0000000000000000035760   80136 2 Libros Compra / Valladolid

Copyright 2025 ESPOL. Todos los derechos reservados.